Loading...

Quantum theory of solids

Bibliographic Details
Main Author: O'reilly, Eoin P.
Language:English
Published: London, Taylor & Francis, 2002
Subjects:
LEADER 00583nam a2200253 a 4500
001 adlib96000001
003 ViArRB
005 20160826100754.0
008 960221s1955 dcuabcdjdbkoqu001 0deng d
020 |a 0-7484-0628-X 
022
040 |a Adlib 
082 |a 530.145 
245 |a  Quantum theory of solids 
250
260 |a London,  |b Taylor & Francis,  |c 2002 
300 |a x, 250p.,  |b ,  |c Book  
500 |a (CELOS) 
653 |a Quantum theorySolid-state physics  
100 |a O'reilly, Eoin P. 
700
942 |c BK  |6 _ 
942 |c BK 
999 |c 181450  |d 181450